000 00290nam a2200109Ia 4500
008 190912s9999||||xx |||||||||||||| ||und||
100 _aNick Efford
245 0 _aDigital Image Processing a Practical introduction using Java
260 _aEngland
_bAddision
_c2000
300 _a340
942 _cBK
999 _c7506
_d7506